[Event "Zuerich op-B 32nd"]
[Site "Zuerich"]
[Date "2008.12.27"]
[Round "2"]
[White "Nydegger, Charles"]
[Black "Lauber, Joerg W"]
[Result "1-0"]
[WhiteElo "1734"]
[BlackElo "1564"]
[PlyCount "43"]
[EventDate "2008.12.26"]
[EventType "swiss"]
[EventRounds "7"]
[EventCountry "SUI"]
[SourceTitle "CBM 127 Extra"]
[Source "ChessBase"]
[SourceDate "2009.01.08"]
[SourceVersion "2"]
[SourceVersionDate "2009.01.28"]
[SourceQuality "1"]

1. e4 c5 2. Nf3 e6 3. d4 cxd4 4. Nxd4 d6 5. Be3 Nf6 6. Bd3 b6 7. 0-0 Bb7 8. Nd2 Be7 9. f4 e5 10. fxe5 dxe5 11. Nf5 0-0 12. Qf3 Nbd7 13. Kh1 Bc5 14. Bh6 gxh6 15. Qg3+ Ng4 16. Qxg4+ Qg5 17. Nxh6+ Kh8 18. Qxg5 f6 19. Qg3 Rae8 20. Bc4 Re7 21. Nf5 Ree8 22. Qg7# 1-0

[Event "Zuerich op-B 31st"]
[Site "Zuerich"]
[Date "2007.??.??"]
[Round "1"]
[White "Zangger, Daniel"]
[Black "Lauber, Joerg W"]
[Result "1-0"]
[WhiteElo "1816"]
[BlackElo "1486"]
[PlyCount "55"]
[EventDate "2007.12.26"]
[EventType "swiss"]
[EventRounds "7"]
[EventCountry "SUI"]
[SourceTitle "EXT 2019"]
[Source "ChessBase"]
[SourceDate "2018.10.10"]
[SourceVersion "1"]
[SourceVersionDate "2018.10.10"]
[SourceQuality "1"]

1. e4 c5 2. Nf3 e6 3. d4 cxd4 4. Nxd4 d6 5. Nc3 a6 6. Be3 Nf6 7. f3 Be7 8. Qd2 b5 9. 0-0-0 0-0 10. Kb1 Bb7 11. g4 Nc6 12. g5 b4 13. gxf6 bxc3 14. fxe7 Qxe7 15. Qxc3 Rfc8 16. Rg1 Ne5 17. Qd2 Kh8 18. Bd3 d5 19. Qg2 Qf8 20. Ne2 dxe4 21. Bxe4 Bxe4 22. fxe4 Rab8 23. Bd4 f6 24. Bxe5 fxe5 25. Rd7 g6 26. Rxh7+ Kxh7 27. Qxg6+ Kh8 28. Qh5+ 1-0